|
|
|
|
| LEADER |
00757cam a2200193 7i4500 |
| 001 |
0000041096 |
| 005 |
20170218090000.0 |
| 020 |
|
|
|a 9781439820162 (hbk.)
|
| 090 |
0 |
0 |
|a HF5548.37
|b .F76 2010
|
| 100 |
1 |
|
|a Fried, Stephen
|
| 245 |
1 |
0 |
|a Mobile device security :
|b a comprehensive guide to securing your information in a moving world
|c Stephen Fried.
|
| 260 |
|
|
|a Boca Raton, FL:
|b Auerbach Publications,
|c 2010.
|
| 300 |
|
|
|a xxviii, 274 p.;
|c 25 cm.
|
| 650 |
0 |
0 |
|a Computer security
|
| 650 |
0 |
0 |
|a Data protection
|
| 650 |
0 |
0 |
|a Mobile communication systems --
|x Security measures
|
| 997 |
|
|
|a Communication, Visual Art & Computing, Faculty
|b Computing, Department
|
| 998 |
|
|
|a Mobile Technology, Diploma
|
| 999 |
|
|
|a 0000054228
|b BOK
|c OPEN SHELF
|e 1st Floor, Bestari Jaya
|